LEADER 01282nas 2200373-- 450 001 9910892836803321 005 20260218113018.0 035 $a(CKB)954928555386 035 $a(CONSER)---80644280- 035 $a(DE-599)ZDB2032897-7 035 $a(DE-599)2032897-7 035 $a(EXLCZ)99954928555386 100 $a20770430b19761994 --- a 101 0 $aeng 200 10$aChilton's automotive industries 210 $a[Radnor, PA$cChilton Co.] 215 $a1 online resource 300 $aIssues for Jan.-May 1983 published in two editions: North American, and: International. 311 08$aPrint version: Chilton's automotive industries (1976) 0273-656X (DLC) 80644280 (OCoLC)2928956 606 $aAutomobile industry and trade$vPeriodicals 606 $aAutomobiles$vPeriodicals 606 $aAutomobile industry and trade$2fast$3(OCoLC)fst00822961 606 $aAutomobiles$2fast$3(OCoLC)fst00823232 608 $aPeriodicals.$2fast 615 0$aAutomobile industry and trade 615 0$aAutomobiles 615 7$aAutomobile industry and trade. 615 7$aAutomobiles. 676 $a629.2/05 906 $aJOURNAL 912 $a9910892836803321 920 $aexl_impl conversion 996 $aChilton's automotive industries$94447605 997 $aUNINA